000 00693nab a2200181 4500
001 244442
003 OSt
005 20260216091159.0
007 tu
008 260216s2020|||||||
040 _aDE-2950
_cDE-2950
245 0 0 _aFrankfurts höchste Bar ist eröffnet
_bParty-Location. Mit der "Skylounge" in der 24. Etage des Oderturms hat Frankfurt seit dem Wochenende eine neue Bar mit spektakulärem Ausblick. Schon zum Auftakt sorgt das große Interesse für ausverkaufte Tickets/
_cNicole Buhlau
264 _c2025
653 _aFrankfurt (Oder)
653 _a"Skylounge"
773 0 _g37. Jahrgang (2026) Nr. 33 vom 09.02.2026 , S. 18 mit Fotos
_tMärkische Oderzeitung
942 _2z
_cA
999 _c374295
_d374295